[Event "Remote 4 Seasons Autumn-A email"]
[Site "Remote email"]
[Date "2013.10.15"]
[Round "?"]
[White "Faber, Hans Alban"]
[Black "Heinrich, Olaf Wittmund"]
[Result "1-0"]
[WhiteElo "2502"]
[BlackElo "2233"]
[PlyCount "53"]
[EventDate "2013.??.??"]
[EventType "tourn (corr)"]
[EventRounds "10"]
[EventCountry "GER"]
[SourceTitle "Corr 2015"]
[Source "ChessBase"]
[SourceDate "2015.07.17"]
[SourceVersion "1"]
[SourceVersionDate "2015.07.17"]
[SourceQuality "1"]

1. e4 c5 2. Nf3 d6 3. d4 cxd4 4. Nxd4 Nf6 5. Nc3 a6 6. Be3 Ng4 7. Bg5 h6 8. Bh4 g5 9. Bg3 Bg7 10. h3 Nf6 11. Bc4 Qb6 12. 0-0 Qxb2 13. Qd3 Nh5 14. Qf3 Nf4 15. Bxf4 gxf4 16. Bb3 e6 17. Rab1 Qa3 18. Nce2 Qc5 19. c3 Nc6 20. Rfd1 Ne5 21. Qxf4 Bd7 22. Qg3 Rg8 23. f4 Nc4 24. Bxc4 Qxc4 25. Qf3 b5 26. Kh1 Rc8 27. Rd2 1-0

[Event "Remote 4 Seasons Autumn-A email"]
[Site "Remote email"]
[Date "2013.10.15"]
[Round "?"]
[White "Leisebein, Peter"]
[Black "Heinrich, Olaf Wittmund"]
[Result "1/2-1/2"]
[WhiteElo "2453"]
[BlackElo "2345"]
[PlyCount "47"]
[EventDate "2013.??.??"]
[EventType "tourn (corr)"]
[EventRounds "10"]
[EventCountry "GER"]
[SourceTitle "Corr 2015"]
[Source "ChessBase"]
[SourceDate "2015.07.17"]
[SourceVersion "1"]
[SourceVersionDate "2015.07.17"]
[SourceQuality "1"]

1. d4 d5 2. e4 dxe4 3. Nc3 Nf6 4. f3 exf3 5. Nxf3 c6 6. Bd3 Bg4 7. Be3 e6 8. h3 Bh5 9. Qe2 Nbd7 10. 0-0-0 Bb4 11. g4 Bg6 12. Bxg6 hxg6 13. d5 Bxc3 14. dxe6 fxe6 15. Bc5 e5 16. Qd3 e4 17. Qc4 Qc7 18. Bd6 Bxb2+ 19. Kxb2 Qb6+ 20. Ka1 exf3 21. Qe6+ Kd8 22. Be7+ Kc7 23. Bxf6 Nxf6 24. Qe7+ 1/2-1/2

[Event "Remote email"]
[Site "Remote email"]
[Date "2013.10.01"]
[Round "1"]
[White "Jarecki, Marian"]
[Black "Heinrich, Olaf Wittmund"]
[Result "1-0"]
[WhiteElo "2276"]
[BlackElo "2233"]
[PlyCount "35"]
[EventDate "2013.??.??"]
[EventType "tourn (corr)"]
[EventRounds "6"]
[EventCountry "GER"]
[SourceTitle "Corr 2015"]
[Source "ChessBase"]
[SourceDate "2015.07.17"]
[SourceVersion "1"]
[SourceVersionDate "2015.07.17"]
[SourceQuality "1"]

1. e4 c5 2. Nf3 d6 3. d4 cxd4 4. Nxd4 Nf6 5. Nc3 a6 6. Bg5 e6 7. f4 Qb6 8. Qd2 Qxb2 9. Rb1 Qa3 10. Be2 Nbd7 11. f5 e5 12. Nb3 h6 13. Be3 b5 14. Nd5 Rb8 15. c4 Nxd5 16. cxd5 Nf6 17. Bd3 Bd7 18. Qa5 1-0

[Event "Remote Federal-ch email"]
[Site "Remote email"]
[Date "2013.09.11"]
[Round "?"]
[White "Heinrich, Olaf Wittmund"]
[Black "Ziegert, Andreas"]
[Result "1/2-1/2"]
[WhiteElo "2233"]
[BlackElo "1864"]
[PlyCount "39"]
[EventDate "2013.??.??"]
[EventType "swiss (corr)"]
[EventRounds "12"]
[EventCountry "GER"]
[SourceTitle "Corr 2015"]
[Source "ChessBase"]
[SourceDate "2015.07.17"]
[SourceVersion "1"]
[SourceVersionDate "2015.07.17"]
[SourceQuality "1"]

1. e4 e5 2. Nf3 Nc6 3. Bc4 Bc5 4. c3 d6 5. d4 exd4 6. cxd4 Bb6 7. 0-0 Nf6 8. Nc3 0-0 9. Be3 Bg4 10. Bb3 Bxf3 11. gxf3 Qd7 12. Kg2 Rae8 13. Rg1 Na5 14. Ba4 c6 15. Qd3 Bc7 16. b4 b5 17. Nxb5 cxb5 18. Bxb5 Qe6 19. bxa5 Re7 20. d5 1/2-1/2

[Event "Remote Federal-ch email"]
[Site "Remote email"]
[Date "2013.09.11"]
[Round "?"]
[White "Kuna, Heiko"]
[Black "Heinrich, Olaf Wittmund"]
[Result "1-0"]
[WhiteElo "2376"]
[BlackElo "2345"]
[PlyCount "37"]
[EventDate "2013.??.??"]
[EventType "swiss (corr)"]
[EventRounds "12"]
[EventCountry "GER"]
[SourceTitle "Corr 2015"]
[Source "ChessBase"]
[SourceDate "2015.07.17"]
[SourceVersion "1"]
[SourceVersionDate "2015.07.17"]
[SourceQuality "1"]

1. e4 c5 2. Nf3 d6 3. d4 cxd4 4. Nxd4 Nf6 5. Nc3 a6 6. Be3 Ng4 7. Bg5 h6 8. Bc1 Nf6 9. Be2 Nc6 10. Nxc6 bxc6 11. 0-0 g6 12. Be3 Bg7 13. f4 0-0 14. f5 Rb8 15. Rb1 d5 16. fxg6 fxg6 17. exd5 cxd5 18. Bf3 Be6 19. Qe2 1-0

[Event "Remote 4 Seasons Summer email"]
[Site "Remote email"]
[Date "2013.07.01"]
[Round "?"]
[White "Doderer, Harald"]
[Black "Heinrich, Olaf Wittmund"]
[Result "1-0"]
[WhiteElo "2453"]
[BlackElo "2378"]
[PlyCount "77"]
[EventDate "2013.??.??"]
[EventType "tourn (corr)"]
[EventRounds "10"]
[EventCountry "GER"]
[SourceTitle "Corr 2015"]
[Source "ChessBase"]
[SourceDate "2015.07.17"]
[SourceVersion "1"]
[SourceVersionDate "2015.07.17"]
[SourceQuality "1"]

1. e4 c5 2. Nf3 d6 3. d4 cxd4 4. Nxd4 Nf6 5. Nc3 a6 6. Be3 Ng4 7. Bg5 h6 8. Bh4 g5 9. Bg3 Bg7 10. h3 Ne5 11. Qd2 Nbc6 12. 0-0-0 Nxd4 13. Qxd4 Be6 14. Nd5 Rc8 15. c3 Qa5 16. Kb1 Qc5 17. Qa4+ Bd7 18. Qc2 e6 19. Ne3 Rd8 20. Be2 Bc6 21. Bh2 Rd7 22. h4 Rd8 23. Rd2 b5 24. Rhd1 Bb7 25. Bg1 Qc6 26. f3 0-0 27. Bf2 Qc7 28. hxg5 hxg5 29. Rh1 Rfe8 30. Rdd1 Qe7 31. Nf1 Rc8 32. Ng3 b4 33. c4 Ng6 34. Nh5 Be5 35. Be3 Nf4 36. Bxf4 gxf4 37. g3 fxg3 38. f4 Bf6 39. Rh3 1-0

[Event "Remote S5E No Engine-236 email"]
[Site "Remote email"]
[Date "2013.06.15"]
[Round "?"]
[White "Schmitt, Harald"]
[Black "Heinrich, Olaf Wittmund"]
[Result "0-1"]
[WhiteElo "2039"]
[BlackElo "2378"]
[PlyCount "32"]
[EventDate "2013.??.??"]
[EventType "tourn (corr)"]
[EventRounds "4"]
[EventCountry "GER"]
[SourceTitle "Corr 2015"]
[Source "ChessBase"]
[SourceDate "2015.07.17"]
[SourceVersion "1"]
[SourceVersionDate "2015.07.17"]
[SourceQuality "1"]

1. d4 d5 2. Nf3 Nf6 3. e3 Bf5 4. c4 c6 5. cxd5 cxd5 6. Qb3 Qc7 7. Bb5+ Nbd7 8. Nc3 e6 9. 0-0 Bd6 10. h3 a6 11. Be2 h6 12. Bd2 Rc8 13. Rac1 Qb8 14. Nh4 Bh7 15. f4 b5 16. f5 0-0 0-1

[Event "Remote S7E High-145 email"]
[Site "Remote email"]
[Date "2013.06.11"]
[Round "?"]
[White "Faber, Hans Alban"]
[Black "Heinrich, Olaf Wittmund"]
[Result "1-0"]
[WhiteElo "2505"]
[BlackElo "2345"]
[PlyCount "75"]
[EventDate "2013.??.??"]
[EventType "tourn (corr)"]
[EventRounds "6"]
[EventCountry "GER"]
[SourceTitle "Corr 2015"]
[Source "ChessBase"]
[SourceDate "2015.07.17"]
[SourceVersion "1"]
[SourceVersionDate "2015.07.17"]
[SourceQuality "1"]

1. e4 c5 2. Nf3 d6 3. d4 cxd4 4. Nxd4 Nf6 5. Nc3 a6 6. Be3 e6 7. Be2 Be7 8. 0-0 0-0 9. f4 Qc7 10. Qe1 Nc6 11. Qg3 Nxd4 12. Bxd4 b5 13. a3 Bb7 14. Rad1 Bc6 15. Kh1 Qb7 16. Bf3 Rad8 17. Rfe1 g6 18. Rd3 Rfe8 19. Qh3 Nd7 20. f5 e5 21. Bf2 Nc5 22. Rd2 b4 23. Nd5 bxa3 24. Bxc5 dxc5 25. bxa3 c4 26. Rf2 Qa7 27. Ref1 Bxd5 28. exd5 Qe3 29. g3 Bc5 30. Bg2 Rf8 31. Qg4 Qc3 32. Re2 Rd6 33. Qh4 Rb6 34. Re4 a5 35. a4 Bd4 36. Qh6 gxf5 37. d6 Rxd6 38. Qxd6 1-0

[Event "Remote S7E-155 email"]
[Site "Remote email"]
[Date "2013.06.09"]
[Round "?"]
[White "Heinrich, Olaf Wittmund"]
[Black "Tortoza, Carlos Alberto"]
[Result "1-0"]
[WhiteElo "2378"]
[BlackElo "1563"]
[PlyCount "69"]
[EventDate "2013.??.??"]
[EventType "tourn (corr)"]
[EventRounds "6"]
[EventCountry "GER"]
[SourceTitle "Corr 2015"]
[Source "ChessBase"]
[SourceDate "2015.07.17"]
[SourceVersion "1"]
[SourceVersionDate "2015.07.17"]
[SourceQuality "1"]

1. e4 c5 2. Nf3 a6 3. d4 cxd4 4. Nxd4 e5 5. Nf3 d6 6. Bc4 h6 7. Nc3 Nc6 8. 0-0 Nf6 9. Be3 Be7 10. Qd2 Bg4 11. Qe2 0-0 12. h3 Bh5 13. g4 Bg6 14. Nh4 Bh7 15. Nf5 Bxf5 16. gxf5 Nd4 17. Qd3 b5 18. Bb3 Nxb3 19. axb3 Qc7 20. Rfc1 Nh7 21. Nd5 Qd8 22. Nb6 Rb8 23. Rxa6 Qe8 24. Nd5 Bd8 25. Rxd6 Ng5 26. f6 Nf3+ 27. Kf1 Kh7 28. Qd1 Nh4 29. fxg7 Kxg7 30. Ra1 Ng6 31. Ra7 b4 32. Qh5 Bg5 33. Rxg6+ Kh8 34. Bxg5 fxg6 35. Qxh6+ 1-0

[Event "Remote S7E-155 email"]
[Site "Remote email"]
[Date "2013.06.09"]
[Round "?"]
[White "Muster, Wolfgang"]
[Black "Heinrich, Olaf Wittmund"]
[Result "1/2-1/2"]
[WhiteElo "2288"]
[BlackElo "2378"]
[PlyCount "51"]
[EventDate "2013.??.??"]
[EventType "tourn (corr)"]
[EventRounds "6"]
[EventCountry "GER"]
[SourceTitle "Corr 2015"]
[Source "ChessBase"]
[SourceDate "2015.07.17"]
[SourceVersion "1"]
[SourceVersionDate "2015.07.17"]
[SourceQuality "1"]

1. d4 d5 2. c4 c6 3. Nf3 Nf6 4. Nc3 a6 5. c5 Nbd7 6. Bf4 Nh5 7. Bd2 Nhf6 8. Rc1 e5 9. Nxe5 Nxe5 10. dxe5 Ng4 11. Na4 Nxe5 12. Bc3 Nd7 13. Qd4 Qe7 14. Qd2 f6 15. Bd4 Rb8 16. e3 g6 17. Bd3 Bg7 18. 0-0 0-0 19. Rce1 f5 20. Bb1 Nf6 21. Re2 Be6 22. Rfe1 Rbe8 23. Nb6 Ng4 24. f3 Ne5 25. Qc3 Nd7 26. Na4 1/2-1/2

[Event "Remote S7E Pro-166 email"]
[Site "Remote email"]
[Date "2013.06.03"]
[Round "?"]
[White "Heinrich, Olaf Wittmund"]
[Black "Peschen, Rainer"]
[Result "1/2-1/2"]
[WhiteElo "2378"]
[BlackElo "2146"]
[PlyCount "44"]
[EventDate "2013.??.??"]
[EventType "tourn (corr)"]
[EventRounds "6"]
[EventCountry "GER"]
[SourceTitle "Corr 2015"]
[Source "ChessBase"]
[SourceDate "2015.07.17"]
[SourceVersion "1"]
[SourceVersionDate "2015.07.17"]
[SourceQuality "1"]

1. d4 d5 2. e4 dxe4 3. Nc3 Nf6 4. f3 exf3 5. Nxf3 c6 6. Bc4 Bf5 7. 0-0 e6 8. Ne5 Bg6 9. Nxg6 hxg6 10. Be3 Bd6 11. g3 Nbd7 12. Qf3 Nb6 13. Bd3 Qd7 14. a4 Nbd5 15. Nxd5 exd5 16. Rae1 0-0-0 17. Bg5 Be7 18. h4 Rde8 19. Kg2 Bd8 20. Rxe8 Rxe8 21. b4 Ng4 22. Bc1 Nf6 1/2-1/2

[Event "Remote S7E Adv-133 email"]
[Site "Remote email"]
[Date "2013.06.01"]
[Round "?"]
[White "Kahl, Karl Heinz"]
[Black "Heinrich, Olaf Wittmund"]
[Result "0-1"]
[WhiteElo "2129"]
[BlackElo "2378"]
[PlyCount "82"]
[EventDate "2013.??.??"]
[EventType "tourn (corr)"]
[EventRounds "6"]
[EventCountry "GER"]
[SourceTitle "Corr 2015"]
[Source "ChessBase"]
[SourceDate "2015.07.17"]
[SourceVersion "1"]
[SourceVersionDate "2015.07.17"]
[SourceQuality "1"]

1. e4 c5 2. Nf3 Nc6 3. d4 cxd4 4. Nxd4 e5 5. Nb5 a6 6. Nd6+ Bxd6 7. Qxd6 Qf6 8. Qd1 Qg6 9. Nc3 Nge7 10. h4 h5 11. Bg5 d5 12. exd5 Nd4 13. Bd3 Bf5 14. Bxf5 Nexf5 15. Qd3 0-0 16. Qe4 Rac8 17. 0-0-0 Rc4 18. Kb1 Rfc8 19. Rh3 b5 20. a3 a5 21. Qxe5 f6 22. Bxf6 Qxf6 23. Qxf6 gxf6 24. Ne4 Rxc2 25. Rhd3 Re2 26. Rxd4 Nxd4 27. Rxd4 Re1+ 28. Ka2 Rcc1 29. Kb3 Rc4 30. Nxf6+ Kf7 31. Rxc4 bxc4+ 32. Kxc4 Kxf6 33. b4 axb4 34. axb4 Ke5 35. b5 Rc1+ 36. Kd3 Kxd5 37. Ke3 Ke5 38. f3 Rc3+ 39. Kd2 Rb3 40. g4 hxg4 41. fxg4 Rxb5 0-1

[Event "Remote S7E Adv-133 email"]
[Site "Remote email"]
[Date "2013.06.01"]
[Round "?"]
[White "Muster, Wolfgang"]
[Black "Heinrich, Olaf Wittmund"]
[Result "1/2-1/2"]
[WhiteElo "2288"]
[BlackElo "2378"]
[PlyCount "52"]
[EventDate "2013.??.??"]
[EventType "tourn (corr)"]
[EventRounds "6"]
[EventCountry "GER"]
[SourceTitle "Corr 2015"]
[Source "ChessBase"]
[SourceDate "2015.07.17"]
[SourceVersion "1"]
[SourceVersionDate "2015.07.17"]
[SourceQuality "1"]

1. d4 d5 2. c4 c6 3. Nf3 Nf6 4. Nc3 e6 5. g3 dxc4 6. Bg2 Nbd7 7. 0-0 Be7 8. e4 0-0 9. Bf4 Nh5 10. Bd2 Nhf6 11. Bf4 b5 12. d5 e5 13. Nxe5 Nxe5 14. Bxe5 Ng4 15. Bf4 g5 16. Bd2 b4 17. Na4 Ne5 18. f4 Nd3 19. fxg5 Bd7 20. Kh1 cxd5 21. exd5 Bxg5 22. b3 Bxa4 23. Qg4 h6 24. bxa4 Qc8 25. Qe2 Re8 26. Qh5 Bxd2 1/2-1/2

[Event "Remote Random email"]
[Site "Remote email"]
[Date "2013.05.19"]
[Round "?"]
[White "Klebe, Dieter"]
[Black "Heinrich, Olaf Wittmund"]
[Result "0-1"]
[WhiteElo "1620"]
[BlackElo "2408"]
[PlyCount "54"]
[EventDate "2013.??.??"]
[EventType "tourn (corr)"]
[EventRounds "6"]
[EventCountry "GER"]
[SourceTitle "Corr 2015"]
[Source "ChessBase"]
[SourceDate "2015.07.17"]
[SourceVersion "1"]
[SourceVersionDate "2015.07.17"]
[SourceQuality "1"]

1. e4 d5 2. exd5 Nf6 3. c4 c6 4. dxc6 Nxc6 5. Nc3 Bf5 6. Nf3 e5 7. Be2 Bc5 8. 0-0 0-0 9. Na4 Bd6 10. c5 Be7 11. b4 Nxb4 12. Nxe5 Bc2 13. Qe1 Bxa4 14. a3 Nc2 15. Qd1 Qd4 16. Ra2 Qxe5 17. Rxc2 Bxc2 18. Qxc2 Qxe2 19. c6 bxc6 20. Qxc6 Ng4 21. Qd7 Nxh2 22. Kxh2 Rfd8 23. Qc7 Bd6+ 24. Qxd6 Rxd6 25. Kg1 Rh6 26. d3 Rh1+ 27. Kxh1 Qxf1+ 0-1

[Event "Remote S7E Pro-164 email"]
[Site "Remote email"]
[Date "2013.05.09"]
[Round "?"]
[White "Heinrich, Olaf Wittmund"]
[Black "Traut, Gerhard"]
[Result "1-0"]
[WhiteElo "2378"]
[BlackElo "2258"]
[PlyCount "121"]
[EventDate "2013.??.??"]
[EventType "tourn (corr)"]
[EventRounds "6"]
[EventCountry "GER"]
[SourceTitle "Corr 2015"]
[Source "ChessBase"]
[SourceDate "2015.07.17"]
[SourceVersion "1"]
[SourceVersionDate "2015.07.17"]
[SourceQuality "1"]

1. e4 c5 2. Nf3 Nc6 3. d4 cxd4 4. Nxd4 Nf6 5. Nc3 e5 6. Ndb5 d6 7. Bg5 a6 8. Na3 b5 9. Nd5 Be7 10. Bxf6 Bxf6 11. c3 0-0 12. Nc2 Bg5 13. a4 bxa4 14. Rxa4 a5 15. Bc4 Rb8 16. b3 Kh8 17. Nce3 g6 18. 0-0 f5 19. Qf3 Be6 20. Ra2 Qd7 21. Rfa1 Qb7 22. h3 Qf7 23. Kh1 fxe4 24. Qxe4 Bxe3 25. fxe3 Qf5 26. Qh4 g5 27. Qh6 Rg8 28. e4 Qg6 29. Qxg6 Rxg6 30. Kg1 g4 31. hxg4 Bxg4 32. Ne3 Be6 33. Bxe6 Rxe6 34. Ra3 Rg6 35. Nf5 Rg4 36. Re1 Rbg8 37. Re2 Rd8 38. Ra4 Rg6 39. Rd2 Rd7 40. Rd3 Kg8 41. c4 Rf7 42. Ra1 Rb7 43. Kh2 Rf7 44. g3 Nb4 45. Rxd6 Rxd6 46. Nxd6 Rf2+ 47. Kh3 Nc6 48. Kg4 Rb2 49. Ra3 Kf8 50. Nb7 a4 51. Rxa4 Rxb3 52. Na5 Nxa5 53. Rxa5 Rc3 54. c5 h5+ 55. Kf5 Rxg3 56. Kxe5 h4 57. Ra7 h3 58. Rh7 Kg8 59. Rh4 Kf7 60. c6 Ke7 61. Rh7+ 1-0

[Event "Remote Random-158 email"]
[Site "Remote email"]
[Date "2013.05.05"]
[Round "?"]
[White "Heinrich, Olaf Wittmund"]
[Black "Kahl, Karl Heinz"]
[Result "1-0"]
[WhiteElo "2378"]
[BlackElo "2129"]
[PlyCount "115"]
[EventDate "2013.??.??"]
[EventType "tourn (corr)"]
[EventRounds "6"]
[EventCountry "GER"]
[SourceTitle "Corr 2015"]
[Source "ChessBase"]
[SourceDate "2015.07.17"]
[SourceVersion "1"]
[SourceVersionDate "2015.07.17"]
[SourceQuality "1"]

1. d4 d5 2. c4 e6 3. Nc3 c5 4. cxd5 exd5 5. Nf3 Nc6 6. g3 Nf6 7. Bg2 Be7 8. 0-0 0-0 9. Bg5 cxd4 10. Nxd4 h6 11. Be3 Re8 12. Rc1 Bf8 13. Qa4 Na5 14. Qc2 Bg4 15. h3 Bh5 16. Nf5 Bg6 17. Rfd1 Rc8 18. g4 a6 19. Qb1 Nc4 20. Nxd5 Nxe3 21. Ndxe3 Rxc1 22. Qxc1 Qb6 23. Bf3 Ne4 24. Bxe4 Rxe4 25. Qc8 Bxf5 26. gxf5 Rxe3 27. Rd8 Qxd8 28. Qxd8 Rxe2 29. Qb6 Re7 30. Qa7 g6 31. f6 Rd7 32. Kg2 h5 33. a4 Kh7 34. Qa8 Kg8 35. b3 Rd6 36. Qxb7 Rxf6 37. b4 Rf5 38. b5 axb5 39. axb5 Bc5 40. f3 Rg5+ 41. Kf1 Rg1+ 42. Ke2 Rb1 43. Qb8+ Kh7 44. Qe8 Bd4 45. Qxf7+ Bg7 46. Qc4 Be5 47. Qc5 Rb2+ 48. Kd3 Bh2 49. Qe7+ Kh6 50. Qf8+ Kh7 51. b6 Rb3+ 52. Kc2 Rb5 53. Qf7+ Kh6 54. h4 Be5 55. f4 Bd4 56. b7 Ba7 57. Qf8+ Kh7 58. Qa8 1-0

[Event "Remote Random email"]
[Site "Remote email"]
[Date "2013.05.05"]
[Round "?"]
[White "Heinrich, Olaf Wittmund"]
[Black "Tortoza, Carlos Alberto"]
[Result "1-0"]
[WhiteElo "2408"]
[BlackElo "1653"]
[PlyCount "67"]
[EventDate "2013.??.??"]
[EventType "tourn (corr)"]
[EventRounds "6"]
[EventCountry "GER"]
[SourceTitle "Corr 2015"]
[Source "ChessBase"]
[SourceDate "2015.07.17"]
[SourceVersion "1"]
[SourceVersionDate "2015.07.17"]
[SourceQuality "1"]

1. d4 d5 2. c4 e6 3. Nc3 c5 4. cxd5 exd5 5. Nf3 Nc6 6. g3 c4 7. Bg2 Nf6 8. Ne5 Qc7 9. 0-0 Bd6 10. Bf4 0-0 11. Nb5 Qe7 12. Nxc6 bxc6 13. Bxd6 Qd7 14. Bxf8 Kxf8 15. Nc3 Qf5 16. e4 Nxe4 17. Nxe4 dxe4 18. Qc2 Ba6 19. Rfe1 Re8 20. Bxe4 Qh5 21. Qa4 Bc8 22. Bxc6 Rd8 23. Qb4+ Kg8 24. Qe7 h6 25. Qxd8+ Kh7 26. Qxc8 f5 27. Re5 Qg6 28. Qxf5 Qxf5 29. Rxf5 Kg6 30. Be4 c3 31. Rc1 cxb2 32. Rc6+ Kh7 33. Rf8+ g6 34. Rc7# 1-0